000 00442nam a22001697a 4500
999 _c17848
_d17848
008 190720b xxu||||| |||| 00| 0 eng d
020 _a0826470696
040 _aKABU
_cKABU
050 _aLB2840.2
_b.P37 2003 c. 1
100 _aPapworth, Michael
245 _aStress busting
260 _aLondon
_bContinuum
300 _axi, 100 p.
650 _aTeachers
_xJobstress
650 _aStress management
942 _2lcc
_cBK
_hLB2840.2